01902nam a2200265Ia 4500952010100000952011300101999001700214008004100231020001500272050002100287110002700308240006400335245008700399260003900486300007000525490002000595500007000615500009800685505067000783519004501453519004501498650005801543650002801601942000701629 00102lcc4070a04b04d2008-07-22l0oQA76.73 M6218p04 001512r2013-05-22t1w2012-06-24yLB 00102lcc4070a04b04d2008-07-22l2oQA76.73 M6218p04 001513r2013-11-26s2013-11-25t2w2012-06-24yLB c62131d62131120625s1998 ck a r 001 0 spa d a8448120620 4aQA76.73 bM62182 aMicrosoft Corporation 10aMicrosoft Visual Basic 6.0 Programmer's Guide. lEspañol 10aMicrosoft visual basic 6.0 b : manual del programador c / Microsoft Corporation  aColombiab : McGraw Hill c , 1998 axv, 921 p.áginas b : ilustraciones blanco y negro c ; 23 cm. 0 aMicrosoft Press aTítulo original: Microsoft Visual Basic 6.0 Programmer's Guide  aEn portada: "El libro que necesita para aprender a programar con Microsoft Visual Basic 6.0" 0 aConceptos básicos de Visual Basic Introducción a Visual Basic Desarrollar una aplicación con Visual Basic Formularios, controles y menús Administrar proyectos Fundamentos de programación Lo que puee hacer con Visual Basic Crear la interfaz de usuario Usar los controles estándar de Visual Basic Detalles de programación Programar con objetos Programar con componentes Responder a los eventos del mouse y del teclado Trabajar con texto y gráficos Depurar el código y tratar errores Trabajar con unidades, carpetas y archivos Diseñar buscando el rendimiento y la compatibilidad Aspectos internacionales Distribuir sus aplicaciones  aMaterial Complementario / d(04 001512)  aMaterial Complementario / d(04 001513)  4aBASIC (LENGUAJE DE PROGRAMACIÓN PARA COMPUTADORAS)  4aMICROSOFT VISUAL BASIC  cLB